000 00886nam a2200289 i 4500
001 bg
003 BPK
005 20220623075322.0
008 030110s2002 pl e |000 0 pol
015 _aPB 2003/798
020 _a8301137819
040 _aWA N
_cBPK
041 0 _apol
080 _a55
080 _a(03)
100 1 _aMizerski, Włodzimierz
_d(1949- )
_eAutor
245 1 0 _aSłownik geologiczny /
_cWłodzimierz Mizerski, Hubert Sylwestrzak.
260 _aWarszawa :
_bWydaw. Naukowe PWN,
_c2002.
300 _a242, [2] s. ;
_c21 cm.
504 _aBibliogr.
655 4 _aEncyklopedia
650 4 _aGeologia
700 1 _aSylwestrzak, Hubert
_d(1933-2009).
710 2 _aWydawnictwo Naukowe PWN
_4pbl.
856 _uhttp://koha.tu.koszalin.pl/cgi-bin/koha/opac-detail.pl?biblionumber=46810
_yKatalog online BPK
942 _2UKD
_cKS
999 _c46810
_d46810